Uzlah

Bibliographic Details
Main Author: Nora
Format: Book
Published: Kuala Lumpur : Creative Enterprise , 1992
Subjects:

MARC

LEADER 00000cam a2200000 7i4500
001 0000003597
002 000003871
005 20000330.0
020 |a 9838930806 
090 0 0 |a F   |b NOR 
100 0 |a Nora 
245 1 0 |a Uzlah   |c Nora 
260 |a Kuala Lumpur :   |b Creative Enterprise ,   |c 1992 
300 |a 189p. ;   |c 18cm. 
650 0 0 |a General fiction, Malay 
999 |a 031872   |b BUKU   |c PINJAMAN   |e PERPUSTAKAAN KOMUNITI PETALING JAYA 
999 |a 031874   |b BUKU   |c FICTION   |e PERPUSTAKAAN KOMUNITI PETALING JAYA 
999 |a 044579   |b BUKU   |c FICTION   |e PERPUSTAKAAN KOMUNITI CAW KOTA DAMANSARA